Datum a čas kvízu
11
Celkem bodů
Celkový počet nahraných bodů na tomto kvízu bez doplňovacích otázek.
7.
Pořadí na kvízu
Konečné umístění týmu na tomto kvízu.
Zaznamenané odpovědi
| # | Otázka | Odpověď | Body | Výsledky |
|---|---|---|---|---|
| 1. | Ve čtvrtek jsme se dozvěděli,... | Rohlík.cz | 1 | |
| 2. | O nebývalý rozruch se na newyo... | A) mýval | 1 | |
| 3. | Minulý týden byl zveřejněn tea... | Marty Pohl, Řezník | 0 | |
| 4. | Minulý týden jsme se dozvěděli... | 5 000 Kčs | 0 | |
| 5. | Ve kterém hlavním městě ležící... | v Rijádu | 0 | |
| 6. | Robin Hood je britsko-americký... | Ridley Scott, Russel Crowe | 0 | |
| 7. | Nyní se podíváme na film režis... | Křižáček | 0 | |
| 8. | Německý film režiséra Edwarda... | Na západní frontě klid, Erich Maria Remarque | 0 | |
| 9. | Film Pianista byl natočen v ro... | Adrien Brody, Roman Polański | 0 | |
| 10. | Napište název filmu, z něhož p... | Nepřítel před branami | 0 |